Centre Francesca Bonnemaison
Descripción Física:
1 desplegable ; 60 x 43 cm
Materias:
Dones -- Fons documentals
MARC
| LEADER | 00000nam a2200000Ia 4500 | ||
|---|---|---|---|
| 001 | 15979 | ||
| 008 | 160829s2004 xx 000 0 cat d | ||
| 080 | |a FU-41-20 | ||
| 245 | |a Centre Francesca Bonnemaison | ||
| 260 | |a [Barcelona] : |b Diputació de Barcelona, Xarxa de Municipis, |c 2004 | ||
| 300 | |a 1 desplegable ; |c 60 x 43 cm | ||
| 590 | |a Conté invitació per a la inauguració i programa d'activitats. | ||
| 590 | |a A la part superior de la portada: Diputació de Barcelona, Xarxa de Municipis | ||
| 650 | |a Dones |x Fons documentals |9 37475 | ||
| 710 | 1 | |a Barcelona (Catalunya : Província). |b Diputació |9 52408 | |
| 901 | |a Arxiu | ||
| 942 | |n 1 | ||
| 952 | |0 0 |1 0 |4 0 |6 FU4120 |7 1 |9 47889 |a Arxiu |b Arxiu |d 2016-12-01 |l 0 |o FU-41-20 |p 15979 |r 2016-12-01 00:00:00 |w 2016-12-01 |y ARXIU | ||
| 999 | |c 51689 |d 51689 | ||